1984-1987 i.e. Mil novecientos ochenta y cuatro-mil novecientos ochenta y siete: el inicio del camino de la atención a adolescentes: un repaso histórico de utilidad para el futuro /
Guardat en:
| Autor principal: | |
|---|---|
| Format: | Text |
| Idioma: | Spanish |
| Matèries: | |
| Etiquetes: |
Afegir etiqueta
Sense etiquetes, Sigues el primer a etiquetar aquest registre!
|
MARC
| LEADER | 00000 a a2200000 04500 | ||
|---|---|---|---|
| 001 | 231 | ||
| 003 | cru CIDCACS/IIS | ||
| 005 | 20190917143355.0 | ||
| 008 | 190917b ||||| |||| 00| 0 spa d | ||
| 999 | |c 42352 |d 42352 | ||
| 040 | |c cru CIDCACS/IIS | ||
| 100 | 1 | |a Ulate Mora, Freddy |9 8526 | |
| 245 | 1 | |a 1984-1987 i.e. Mil novecientos ochenta y cuatro-mil novecientos ochenta y siete: el inicio del camino de la atención a adolescentes: un repaso histórico de utilidad para el futuro / |c Freddy Ulate Mora | |
| 300 | |a páginas 38-49 | ||
| 650 | 0 | |a JUVENTUD |9 978 | |
| 650 | 4 | |a ADOLESCENTES |9 3349 | |
| 650 | 0 | |a SALUD |9 2449 | |
| 650 | 0 | |a SALUD BÁSICA |9 2448 | |
| 650 | 0 | |a ATENCION MEDICA |9 5397 | |
| 650 | 0 | |a ACCESO A LA SALUD |9 489 | |
| 773 | 0 | |0 42346 |9 3358 |d San José, Costa Rica: CCSS. DTSS. DMP. Programa Atención Integral de la Adolescencia, 1999- |o 07056 |t Adolescencia y Salud/ | |
| 942 | |2 ddc |c PP | ||
